Bundesliga Teams 2025/26 - Statistics

General Stats
  • This quiz has been taken 59 times
  • The average score is 15 of 18
Answer Stats
Answer % Correct
Bayern Munich
100%
Bayer 04 Leverkusen
98%
Borussia Dortmund
96%
Hamburger SV
92%
RB Leipzig
90%
VfL Wolfsburg
88%
Borussia Mönchengladbach
87%
VfB Stuttgart
87%
Eintracht Frankfurt
83%
SC Freiburg
83%
1.FC Union Berlin
81%
FC St. Pauli
77%
1.FC Heidenheim
75%
FC Augsburg
75%
TSG 1899 Hoffenheim
75%
1.FC Köln
73%
1.FSV Mainz 05
73%
SV Werder Bremen
73%
No matching quizzes found
Score Distribution
Percent of People with Each Score
Percentile by Number Answered
Your Score History
You have not taken this quiz